[Event "Caribean-chT Blitz 24th"]
[Site "San Salvador"]
[Date "2023.07.06"]
[Round "11.2"]
[White "Fuentes Godoy, Lilia Ivonne"]
[Black "Jean Francois, Valencia"]
[Result "1-0"]
[WhiteElo "2005"]
[BlackElo "1324"]
[PlyCount "76"]
[EventDate "2023.07.06"]
[EventType "tourn (blitz)"]
[EventRounds "15"]
[EventCountry "ESA"]
[SourceTitle "CBM 215 Extra"]
[Source "ChessBase"]
[SourceDate "2023.09.30"]
[SourceVersion "1"]
[SourceVersionDate "2023.09.30"]
[SourceQuality "1"]
[WhiteTeam "Mexico"]
[BlackTeam "Haiti"]
[WhiteTeamCountry "MEX"]
[BlackTeamCountry "HAI"]

1. d4 d5 2. c4 e6 3. Nf3 Nf6 4. g3 c6 5. Bg2 dxc4 6. 0-0 b5 7. a4 Bb7 8. Ne5 Bd6 9. axb5 Bxe5 10. dxe5 Qxd1 11. Rxd1 Nd5 12. Nc3 0-0 13. bxc6 Bxc6 14. Nxd5 exd5 15. Bxd5 Bxd5 16. Rxd5 Rc8 17. Be3 Nc6 18. Rc5 a5 19. Rxc4 Nxe5 20. Rxc8+ Rxc8 21. Rxa5 Nc4 22. Rb5 Nxe3 23. fxe3 Rc1+ 24. Kf2 h6 25. Rb8+ Kh7 26. b4 Rb1 27. e4 Kg6 28. Rb6+ f6 29. Ke3 Kf7 30. Kd4 Ke7 31. b5 Kd7 32. e5 fxe5+ 33. Kxe5 Kc7 34. Rc6+ Kb7 35. Rc5 Kb6 36. Rd5 Rb2 37. e4 h5 38. Kd6 g6 1-0

[Event "Caribean-chT Blitz 24th"]
[Site "San Salvador"]
[Date "2023.07.06"]
[Round "6.2"]
[White "Jean Francois, Valencia"]
[Black "Mejia, Camila"]
[Result "1/2-1/2"]
[WhiteElo "1324"]
[BlackElo "1257"]
[PlyCount "93"]
[EventDate "2023.07.06"]
[EventType "tourn (blitz)"]
[EventRounds "15"]
[EventCountry "ESA"]
[SourceTitle "CBM 215 Extra"]
[Source "ChessBase"]
[SourceDate "2023.09.30"]
[SourceVersion "1"]
[SourceVersionDate "2023.09.30"]
[SourceQuality "1"]
[WhiteTeam "Haiti"]
[BlackTeam "Honduras"]
[WhiteTeamCountry "HAI"]
[BlackTeamCountry "HON"]

1. e4 e5 2. Nf3 Nc6 3. d4 exd4 4. Nxd4 Nxd4 5. Qxd4 d6 6. Nc3 Nf6 7. Bg5 Be7 8. e5 dxe5 9. Qxe5 Be6 10. Bxf6 Bxf6 11. Qb5+ c6 12. Qxb7 Bxc3+ 13. bxc3 Bd7 14. Rd1 a5 15. Qb1 Qe7+ 16. Be2 0-0 17. Rd2 Rfe8 18. 0-0 Bc8 19. Bd3 Qg5 20. Qd1 Bh3 21. f4 Qc5+ 22. Rff2 Bd7 23. Qf3 Re1+ 24. Bf1 Rae8 25. Kh1 g6 26. Rfe2 R1xe2 27. Rxe2 Rxe2 28. Qxe2 Qxc3 29. Qa6 Qxc2 30. Qa8+ Kg7 31. Qxa5 Bf5 32. Qe5+ Kf8 33. Qh8+ Ke7 34. Qxh7 Be4 35. Qh3 Qxa2 36. Qe3 Qd5 37. h3 c5 38. Qg3 c4 39. Qa3+ Ke6 40. Qa6+ Qc6 41. Qxc6+ Bxc6 42. Bxc4+ Kf5 43. Bxf7 Kxf4 44. Bxg6 Kg3 45. Kg1 Bxg2 46. Bf5 Bxh3 47. Bxh3 1/2-1/2

[Event "Caribean-chT Blitz 24th"]
[Site "San Salvador"]
[Date "2023.07.06"]
[Round "4.2"]
[White "Morales Santos, Natasha"]
[Black "Jean Francois, Valencia"]
[Result "1-0"]
[WhiteElo "1813"]
[BlackElo "1324"]
[PlyCount "63"]
[EventDate "2023.07.06"]
[EventType "tourn (blitz)"]
[EventRounds "15"]
[EventCountry "ESA"]
[SourceTitle "CBM 215 Extra"]
[Source "ChessBase"]
[SourceDate "2023.09.30"]
[SourceVersion "1"]
[SourceVersionDate "2023.09.30"]
[SourceQuality "1"]
[WhiteTeam "Puerto Rico"]
[BlackTeam "Haiti"]
[WhiteTeamCountry "PUR"]
[BlackTeamCountry "HAI"]

1. d4 d5 2. c4 e6 3. Nc3 Nf6 4. cxd5 exd5 5. Bg5 Be7 6. e3 0-0 7. Bd3 h6 8. Bf4 c6 9. h3 b6 10. Nge2 Bb7 11. 0-0 Nbd7 12. Rc1 Re8 13. Bb1 Bf8 14. Qd3 c5 15. Bh2 c4 16. Qc2 Ne4 17. Ng3 Ndf6 18. Ngxe4 dxe4 19. Be5 Bd6 20. Bxf6 Qxf6 21. Rce1 Qg6 22. f3 exf3 23. Qxg6 fxg6 24. gxf3 g5 25. Be4 Bxe4 26. fxe4 Bb4 27. e5 Bxc3 28. bxc3 Rac8 29. Rf5 Rf8 30. Ref1 g6 31. Rf6 Rxf6 32. Rxf6 1-0

[Event "Caribean-chT Rapid 24th"]
[Site "San Salvador"]
[Date "2023.07.04"]
[Round "10.2"]
[White "Jean Francois, Valencia"]
[Black "Johnson, Adaya"]
[Result "0-1"]
[WhiteElo "1336"]
[BlackElo "1344"]
[PlyCount "72"]
[EventDate "2023.07.03"]
[EventType "tourn (rapid)"]
[EventRounds "15"]
[EventCountry "ESA"]
[SourceTitle "CBM 215 Extra"]
[Source "ChessBase"]
[SourceDate "2023.09.30"]
[SourceVersion "1"]
[SourceVersionDate "2023.09.30"]
[SourceQuality "1"]
[WhiteTeam "Haiti"]
[BlackTeam "Trinidad and Tobago"]
[WhiteTeamCountry "HAI"]
[BlackTeamCountry "TRI"]

1. e4 e5 2. Nf3 Nc6 3. Bc4 Nf6 4. d3 Be7 5. Nc3 0-0 6. 0-0 d6 7. Nd5 Nxd5 8. Bxd5 Bd7 9. d4 Kh8 10. Qe2 Nxd4 11. Nxd4 exd4 12. Bxb7 Rb8 13. Qa6 c5 14. Qxa7 Qc7 15. Qa3 Qxb7 16. Re1 f5 17. exf5 Bxf5 18. Qg3 Bxc2 19. b3 Rfe8 20. Bb2 Bf6 21. Qxd6 Qb4 22. Rec1 Rbd8 23. Qc6 d3 24. Bxf6 d2 25. Rf1 gxf6 26. Qxf6+ Kg8 27. Qg5+ Bg6 28. Rad1 Rd7 29. h3 Re1 30. Qg4 Rxf1+ 31. Rxf1 Qxg4 32. hxg4 d1R 33. Rxd1 Rxd1+ 34. Kh2 Kf7 35. Kg3 Ra1 36. a4 Ra3 0-1

[Event "Caribean-chT Rapid 24th"]
[Site "San Salvador"]
[Date "2023.07.04"]
[Round "8.2"]
[White "Jean Francois, Valencia"]
[Black "Mejia, Camila"]
[Result "0-1"]
[WhiteElo "1336"]
[BlackElo "1249"]
[PlyCount "100"]
[EventDate "2023.07.03"]
[EventType "tourn (rapid)"]
[EventRounds "15"]
[EventCountry "ESA"]
[SourceTitle "CBM 215 Extra"]
[Source "ChessBase"]
[SourceDate "2023.09.30"]
[SourceVersion "1"]
[SourceVersionDate "2023.09.30"]
[SourceQuality "1"]
[WhiteTeam "Haiti"]
[BlackTeam "Honduras"]
[WhiteTeamCountry "HAI"]
[BlackTeamCountry "HON"]

1. e4 e5 2. Nf3 Nc6 3. Bc4 Nf6 4. d3 Bc5 5. Nc3 d6 6. Bd2 0-0 7. 0-0 Be6 8. Nd5 Bxd5 9. exd5 Ne7 10. Bg5 Nd7 11. Bxe7 Qxe7 12. d4 exd4 13. Nxd4 Qf6 14. c3 a6 15. Qf3 Bxd4 16. cxd4 Qxd4 17. b3 Ne5 18. Qe2 Nxc4 19. Qxc4 Qxc4 20. bxc4 Rfe8 21. Rfe1 f5 22. Rab1 Rxe1+ 23. Rxe1 Kf7 24. Re6 b5 25. Re2 bxc4 26. Rc2 Rb8 27. g3 Rb4 28. Kg2 Kf6 29. f4 g5 30. Re2 gxf4 31. gxf4 c3 32. Kg3 Rc4 33. Rc2 a5 34. h3 a4 35. a3 Rc5 36. h4 Rxd5 37. Rxc3 c5 38. Kf3 Kg6 39. Ke3 Kh5 40. Rc4 Rd4 41. Rxd4 cxd4+ 42. Kxd4 Kg4 43. Kd5 Kxf4 44. Kxd6 Kg4 45. Ke5 f4 46. Ke4 Kg3 47. h5 f3 48. Ke3 Kg2 49. h6 f2 50. Kd2 f1Q 0-1

[Event "Caribean-chT Rapid 24th"]
[Site "San Salvador"]
[Date "2023.07.04"]
[Round "7.2"]
[White "Jean Francois, Valencia"]
[Black "Morales Santos, Natasha"]
[Result "0-1"]
[WhiteElo "1336"]
[BlackElo "1876"]
[PlyCount "151"]
[EventDate "2023.07.03"]
[EventType "tourn (rapid)"]
[EventRounds "15"]
[EventCountry "ESA"]
[SourceTitle "CBM 215 Extra"]
[Source "ChessBase"]
[SourceDate "2023.09.30"]
[SourceVersion "1"]
[SourceVersionDate "2023.09.30"]
[SourceQuality "1"]
[WhiteTeam "Haiti"]
[BlackTeam "Puerto Rico"]
[WhiteTeamCountry "HAI"]
[BlackTeamCountry "PUR"]

1. e4 c5 2. Nf3 d6 3. d4 cxd4 4. Nxd4 Nf6 5. Nc3 g6 6. Be3 Bg7 7. f3 0-0 8. Qd2 Nc6 9. Bc4 Nd7 10. 0-0-0 Nb6 11. Be2 Bd7 12. h4 Ne5 13. b3 Rc8 14. h5 a6 15. Kb1 Qc7 16. Nd5 Nxd5 17. exd5 Qc3 18. hxg6 fxg6 19. Bg5 Qxd2 20. Rxd2 Rf7 21. c4 Bh8 22. Ne6 Bf6 23. Bh6 Bxe6 24. dxe6 Rff8 25. Bxf8 Rxf8 26. f4 Nc6 27. g4 Nd4 28. Bd3 Nxe6 29. f5 Nf4 30. fxg6 hxg6 31. Be4 b6 32. Bb7 a5 33. Bd5+ Nxd5 34. Rxd5 Be5 35. Rb5 Bd4 36. Rd1 Bc5 37. a3 Bxa3 38. Rxb6 Rf3 39. Rb7 e5 40. Rd5 Bb4 41. Ra7 Rxb3+ 42. Ka2 Ra3+ 43. Kb2 Rg3 44. Rb5 Rg2+ 45. Kb3 Rg3+ 46. Kb2 Rg2+ 47. Kc1 Rf2 48. Rbb7 e4 49. Rb8+ Rf8 50. Rxf8+ Kxf8 51. Kd1 g5 52. Ke2 Kg8 53. Ra6 Kf7 54. Ke3 Ke6 55. Kxe4 Bc3 56. Ra8 Bb4 57. Rg8 Bd2 58. Kd3 Bc1 59. Ra8 Ke5 60. Rxa5+ Kf4 61. Ra1 Bb2 62. Rg1 Be5 63. Ke2 Bd4 64. Rg2 Bc5 65. Kd3 Kf3 66. Re2 Kxg4 67. Ke4 Kh3 68. Rd2 g4 69. Kf4 g3 70. Kf3 Bf2 71. Rxd6 Kh2 72. Rh6+ Kg1 73. Rg6 Kf1 74. Rg5 Ke1 75. c5 g2 76. Kxg2 0-1

[Event "Caribean-chT Rapid 24th"]
[Site "San Salvador"]
[Date "2023.07.03"]
[Round "4.2"]
[White "Granados Ortiz, Maria Jose"]
[Black "Jean Francois, Valencia"]
[Result "0-1"]
[WhiteElo "1601"]
[BlackElo "1336"]
[PlyCount "106"]
[EventDate "2023.07.03"]
[EventType "tourn (rapid)"]
[EventRounds "15"]
[EventCountry "ESA"]
[SourceTitle "CBM 215 Extra"]
[Source "ChessBase"]
[SourceDate "2023.09.30"]
[SourceVersion "1"]
[SourceVersionDate "2023.09.30"]
[SourceQuality "1"]
[WhiteTeam "Nicaragua"]
[BlackTeam "Haiti"]
[WhiteTeamCountry "NCA"]
[BlackTeamCountry "HAI"]

1. e4 e5 2. Nf3 d6 3. d4 exd4 4. Nxd4 Be7 5. Nc3 Nf6 6. h3 Bd7 7. Bc4 Nc6 8. Be3 0-0 9. Qd2 Re8 10. 0-0-0 Bf8 11. f3 Qe7 12. Bg5 h6 13. Bh4 a6 14. Nd5 Qe5 15. Bxf6 gxf6 16. Nxc7 h5 17. Nxa8 Rxa8 18. Nxc6 bxc6 19. Qd4 Qg5+ 20. Qd2 Qg6 21. Bd3 f5 22. exf5 Bxf5 23. g4 Bxd3 24. gxh5 Qxh5 25. Rdg1+ Bg6 26. f4 Qh4 27. Rg4 Qf6 28. Qf2 Rb8 29. c3 Qf5 30. Rxg6+ fxg6 31. Rg1 Bg7 32. Rg5 Qxh3 33. Rxg6 Qh1+ 34. Rg1 Qe4 35. Rxg7+ Kxg7 36. Qa7+ Kf6 37. Qxb8 Qxf4+ 38. Kc2 Qe4+ 39. Kb3 Qd5+ 40. Ka3 Qa5+ 41. Kb3 Qd5+ 42. c4 Qd3+ 43. Kb4 c5+ 44. Ka5 Qxc4 45. Qxd6+ Kf7 46. Qd7+ Kf6 47. Qc6+ Ke5 48. Qe8+ Kd4 49. Qh8+ Kd3 50. Qh3+ Kc2 51. Qg2+ Kb1 52. Qg1+ Kxa2 53. Qd1 Qb5# 0-1

[Event "Central America-ch (Women) 24th"]
[Site "San Salvador"]
[Date "2023.01.21"]
[Round "6"]
[White "Jean Francois, Valencia"]
[Black "Mejia, Camila"]
[Result "1-0"]
[WhiteElo "1324"]
[BlackElo "1275"]
[PlyCount "107"]
[EventDate "2023.01.21"]
[EventType "swiss"]
[EventRounds "11"]
[EventCountry "ESA"]
[SourceTitle "CBM 212 Extra"]
[Source "ChessBase"]
[SourceDate "2023.03.31"]
[SourceVersion "1"]
[SourceVersionDate "2023.03.31"]
[SourceQuality "1"]

1. e4 e5 2. Nf3 Nc6 3. Bc4 Nf6 4. d3 d6 5. Ng5 d5 6. exd5 Nxd5 7. Qf3 Be6 8. Bxd5 Bxd5 9. Qg3 Bd6 10. Nc3 Be6 11. Nxe6 fxe6 12. Qxg7 Rf8 13. Qxh7 Nd4 14. Qg6+ Kd7 15. 0-0 Nxc2 16. Rb1 Qf6 17. Qxf6 Rxf6 18. Ne4 Rh6 19. Bxh6 Nb4 20. Nxd6 cxd6 21. a3 Nxd3 22. Rfd1 Nc5 23. Bg7 e4 24. b4 Na4 25. Be5 d5 26. Rb3 Rc8 27. Re3 Nb6 28. Rxe4 Ke7 29. Rh4 Nc4 30. Rh7+ Ke8 31. Rh8+ Kd7 32. Rxc8 Kxc8 33. Bd4 Nxa3 34. Bxa7 Nc2 35. Bc5 Kd7 36. h4 b6 37. Bxb6 Nxb4 38. h5 Nc6 39. h6 Ne7 40. h7 Ng6 41. Rd4 e5 42. Rxd5+ Kc6 43. Rd8 Kxb6 44. Rd6+ Kc5 45. Rxg6 e4 46. h8Q e3 47. fxe3 Kc4 48. Qd4+ Kb3 49. Rb6+ Kc2 50. Rc6+ Kb3 51. Qb6+ Ka4 52. Rc4+ Ka3 53. Rc5 Ka4 54. Ra5# 1-0

[Event "Las Americas Team op U2400 Hybrid 2nd"]
[Site "Internet"]
[Date "2022.06.25"]
[Round "3.2"]
[White "Jean Francois, Valencia"]
[Black "Acuna Castillo, Yohalis Del Valle"]
[Result "0-1"]
[WhiteElo "1398"]
[BlackElo "1028"]
[PlyCount "94"]
[EventDate "2022.06.25"]
[EventType "team-tourn"]
[EventRounds "5"]
[EventCountry "VEN"]
[SourceTitle "EXT 2024"]
[Source "ChessBase"]
[SourceDate "2023.10.10"]
[SourceVersion "1"]
[SourceVersionDate "2023.10.10"]
[SourceQuality "1"]
[WhiteTeam "Haiti"]
[BlackTeam "Maxima AAA"]
[WhiteTeamCountry "HAI"]
[BlackTeamCountry "VEN"]

1. e4 e5 2. Nf3 Nc6 3. Bc4 Nf6 4. d3 Bc5 5. Bg5 h6 6. Bh4 g5 7. Bg3 d6 8. Nc3 Be6 9. Nd5 Bxd5 10. Bxd5 Nxd5 11. exd5 Nd4 12. Nxd4 Bxd4 13. c3 Bb6 14. Qg4 h5 15. Qa4+ Qd7 16. Qxd7+ Kxd7 17. h4 g4 18. 0-0-0 f5 19. d4 f4 20. Bh2 Rae8 21. b4 c6 22. dxc6+ Kxc6 23. a4 Bd8 24. Bg1 Rhf8 25. f3 g3 26. dxe5 dxe5 27. Bxa7 b6 28. Bb8 Re6 29. b5+ Kb7 30. Bd6 Rfe8 31. Bb4 e4 32. fxe4 Rxe4 33. Rd7+ Kc8 34. Ra7 Re1+ 35. Rxe1 Rxe1+ 36. Kd2 Rg1 37. Bd6 Rxg2+ 38. Kd3 f3 39. Ke4 f2 40. Rf7 Rg1 41. Bxg3 f1Q 42. Rxf1 Rxf1 43. Kd5 Ra1 44. Kc6 Rxa4 45. Be5 Rxh4 46. Bd4 Rg4 47. Bxb6 Rg6+ 0-1

[Event "Wch FIDE Online U14 Girls America qual"]
[Site "Tornelo INT"]
[Date "2020.12.03"]
[Round "4"]
[White "Jean Francois, Valencia"]
[Black "Scarsi, Anna Laura"]
[Result "0-1"]
[WhiteElo "1398"]
[BlackElo "1560"]
[PlyCount "94"]
[EventDate "2020.12.01"]
[EventType "swiss (rapid)"]
[EventRounds "7"]
[EventCountry "ISS"]
[SourceTitle "EXT 2022"]
[Source "ChessBase"]
[SourceDate "2021.10.06"]
[SourceVersion "1"]
[SourceVersionDate "2021.10.06"]
[SourceQuality "1"]

1. e4 c5 2. Nf3 e6 3. d4 cxd4 4. Nxd4 Nf6 5. Bd3 Nc6 6. Nf3 d5 7. e5 Nd7 8. Bf4 Qa5+ 9. Nbd2 d4 10. Qe2 Bb4 11. 0-0 Bxd2 12. Qxd2 Qxd2 13. Bxd2 Ndxe5 14. Nxe5 Nxe5 15. Bb5+ Bd7 16. Bxd7+ Nxd7 17. Rad1 0-0-0 18. Rfe1 Nb6 19. Bf4 Rd5 20. Be5 f6 21. Bxd4 Rhd8 22. Re4 e5 23. c3 exd4 24. Rexd4 Rxd4 25. Rxd4 Rxd4 26. cxd4 Kd7 27. Kf1 Kd6 28. Ke2 Kd5 29. Kd3 Nc8 30. b3 Nd6 31. Kc3 Ne4+ 32. Kb4 Nxf2 33. Kc3 Ng4 34. h3 Nh6 35. a4 Nf5 36. b4 Nxd4 37. b5 Ne2+ 38. Kb4 Nf4 39. a5 Nxg2 40. a6 bxa6 41. bxa6 f5 42. Kb5 f4 43. Ka5 f3 44. Ka4 f2 45. Ka5 f1Q 46. Ka4 Kc4 47. Ka5 Qa1# 0-1

[Event "Online Olym Div4 D"]
[Site "Chess.com INT"]
[Date "2020.08.01"]
[Round "5.1"]
[White "Jean Francois, Valencia"]
[Black "Richie Guillen, Ciara Bernadette"]
[Result "1-0"]
[WhiteElo "1398"]
[BlackElo "1417"]
[PlyCount "159"]
[EventDate "2020.07.31"]
[EventType "team-tourn (rapid)"]
[EventRounds "9"]
[EventCountry "USA"]
[SourceTitle "CBM 198"]
[Source "ChessBase"]
[SourceDate "2020.10.31"]
[SourceVersion "1"]
[SourceVersionDate "2020.10.31"]
[SourceQuality "1"]
[WhiteTeam "Haiti"]
[BlackTeam "Puerto Rico"]
[WhiteTeamCountry "HAI"]
[BlackTeamCountry "PUR"]

1. e4 e6 2. d4 d5 3. e5 c5 4. Be3 cxd4 5. Bxd4 Nc6 6. Bc3 Bc5 7. Nf3 Nge7 8. Be2 0-0 9. 0-0 a6 10. a3 Ng6 11. b4 Ba7 12. Re1 b5 13. Bd3 Nh4 14. Nxh4 Qxh4 15. Qf3 Bb7 16. Qg3 Qxg3 17. hxg3 d4 18. Bd2 Bb8 19. Bf4 f6 20. exf6 Bxf4 21. fxg7 Kxg7 22. gxf4 Rxf4 23. Rxe6 Raf8 24. f3 Nd8 25. Re7+ R4f7 26. Rxf7+ Rxf7 27. Nd2 Ne6 28. Ne4 Bxe4 29. Bxe4 Ng5 30. Bd3 Kg8 31. a4 Rg7 32. Kf2 Rc7 33. axb5 axb5 34. Ra8+ Kg7 35. Rb8 Ne6 36. Rxb5 Nf4 37. Rg5+ Kh8 38. Rg4 Nxd3+ 39. cxd3 Rc2+ 40. Kg3 Rc3 41. Rxd4 Rc8 42. b5 Rb8 43. Rb4 h6 44. d4 Kg7 45. d5 Kf7 46. Kf4 Ke7 47. Ke5 Kd7 48. d6 Re8+ 49. Kd5 Rg8 50. g4 Rg5+ 51. Kc4 Kxd6 52. b6 Rg8 53. b7 Rb8 54. Rb6+ Kc7 55. Kc5 Rxb7 56. Rxb7+ Kxb7 57. Kd5 Kc7 58. Ke5 Kd7 59. Kf6 Ke8 60. Kg6 Ke7 61. Kxh6 Kf6 62. g5+ Kf7 63. g6+ Kg8 64. g7 Kf7 65. Kh7 Kf6 66. g8Q Kf5 67. Qg4+ Ke5 68. f4+ Kf6 69. f5 Kf7 70. Qg6+ Ke7 71. f6+ Kf8 72. f7 Ke7 73. Qg8 Ke6 74. f8Q+ Ke5 75. Qg5+ Kd4 76. Qge7 Kc3 77. Qfd8 Kc4 78. Qec7+ Kb3 79. Qdb8+ Ka4 80. Qca7# 1-0